MARC details
| 000 -CABECERA |
| campo de control de longitud fija |
01283nam a2200301 a 4500 |
| 003 - IDENTIFICADOR DEL NÚMERO DE CONTROL |
| campo de control |
MX-MxUPN |
| 005 - FECHA Y HORA DE LA ÚLTIMA TRANSACCIÓN |
| campo de control |
20240820175749.0 |
| 008 - ELEMENTOS DE LONGITUD FIJA--INFORMACIÓN GENERAL |
| campo de control de longitud fija |
991125s18521853sp fr 000 0 spa d |
| 035 ## - NÚMERO DE CONTROL DEL SISTEMA |
| Número de control de sistema |
UPN01000025621 |
| 040 ## - FUENTE DE LA CATALOGACIÓN |
| Centro catalogador/agencia de origen |
MX-MxUPN |
| Lengua de catalogación |
spa |
| Centro/agencia transcriptor |
MX-MxUPN |
| 041 ## - CÓDIGO DE IDIOMA |
| Código de lengua del texto/banda sonora o título independiente |
spa |
| 050 04 - SIGNATURA TOPOGRÁFICA DE LA BIBLIOTECA DEL CONGRESO |
| Número de clasificación |
PC4165 |
| Número de documento/Ítem |
G33 1852 |
| 100 1# - ASIENTO PRINCIPAL--NOMBRE PERSONAL |
| Nombre de persona |
Garcés, Gregorio, |
| Fechas asociadas al nombre |
1773-1805 |
| 9 (RLIN) |
31910 |
| 245 10 - MENCIÓN DE TÍTULO |
| Título |
Fundamento del vigor y elegancia de la lengua castellana, expuesto en el propio y vario uso de sus partículas |
| 250 ## - MENCIÓN DE EDICIÓN |
| Mención de edición |
Segunda edición |
| 260 ## - PUBLICACIÓN, DISTRIBUCIÓN, ETC. |
| Lugar de publicación, distribución, etc. |
Madrid : |
| Nombre del editor, distribuidor, etc. |
Imprenta y Esterotipía de M. Rivadeneyra, |
| Fecha de publicación, distribución, etc. |
1852. |
| 300 ## - DESCRIPCIÓN FÍSICA |
| Extensión |
272 páginas |
| 500 ## - NOTA GENERAL |
| Nota general |
"Preceden a esta obra las observaciones críticas sobre la excelencia de la lengua castellana / por Antonio Capmany" |
| 500 ## - NOTA GENERAL |
| Nota general |
El volumen está formado por 2 tomos |
| 505 00 - NOTA DE CONTENIDO CON FORMATO PREESTABLECIDO |
| Título |
Fundamento del vigor y elegancia de la lengua castellana, expuesto en el propio y vario uso de sus nombres y verbos / |
| Mención de responsabilidad |
por Gregorio Garcés. |
| Información miscelánea |
(Tomo segundo: 216 páginas) |
| 650 #7 - ASIENTO SECUNDARIO DE MATERIA - TERMINO TEMATICO |
| Término de materia o nombre geográfico como elemento de entrada |
Español |
| Subdivisión general |
Gramática |
| 9 (RLIN) |
14623 |
| 650 #4 - ASIENTO SECUNDARIO DE MATERIA - TERMINO TEMATICO |
| Término de materia o nombre geográfico como elemento de entrada |
Español |
| Subdivisión general |
Modismos |
| 9 (RLIN) |
1693 |
| 700 1# - ASIENTO SECUNDARIO--NOMBRE DE PERSONAL |
| 9 (RLIN) |
52421 |
| Nombre de persona |
Merino Ballesteros, Francisco |
| 710 2# - ASIENTO SECUNDARIO - NOMBRE CORPORATIVO |
| 9 (RLIN) |
51335 |
| Nombre de entidad corporativa o nombre de jurisdicción como elemento de entrada |
Museo Pedagógico Nacional (México) |
| Término indicativo de función/relación |
propietario anterior |
| 902 ## - ELEMENTOS DE DATOS B LOCAL, LDB (RLIN) |
| Modificó |
MaríaRobles/190624 |
| 905 ## - TIPO DE MATERIAL |
| Tipo de material |
Libro |
| 942 ## - ELEMENTOS DE PUNTO DE ACCESO ADICIONAL (KOHA) |
| Fuente del sistema de clasificación o colocación |
Library of Congress Classification |
| Tipo de ítem Koha |
Libro |
| Suprimir en OPAC |
No |